000 00946nam a2200265Ia 4500
003 OSt
005 20220923211351.0
006 a|||||r|||| 00| 0
007 ta
008 220922b |||||||| |||| 00| 0 hin d
020 _a9788186304976 (hbk)
_c500
024 _a273,566
037 _b23062, 16/08/2013, Kitab Ghar
_cTextual
040 _aARTS
_cARTS
_bhin
041 _2hin
_ahin
082 _aO152:g, Q1
100 _aशशिभूड्ढण
245 0 _aचिंतन और सर्जन का समीक्षा विवेक
246 _aChiantan aur sarjan kā samīkṣhā viveka
260 _aदिल्ली
_b भारत पुस्तक भ्ंाडार
_c2011
300 _a240पृ.
_ccm.
650 _aहिन्दी साहित्य
_9156264
942 _hO152:g, Q1
_cTEXL
_2CC
999 _c298833
_d298833